1548 1521 1011 1171 1923 1545 1807 1188 1584 1784 1939 1138 1050 1068 1034 1829 1096 1158 1993 1704 1376 1565 1947 1807 1739 1211 1593 1180 1861 1651 1221 1478 1829 1427 1966 1736 1379 1525 1054 1856 1922 1471 1417 1156 1900 1172 1286 1440 1286 1937 1997 1593 1974 1701 1448 1822 1623 1884 1945 1317 1846 1966 1139 1247 1271 1677 1856 1644 1387 1857 1901 1205 1972 1563 1128 1761 1369 1106 1131 1934 1537 1672 1880 1221 1660 1102 1756 1084 1396 1644 1528 1498 1130 1406 1958 1665 1950 1887 1652 BCNSPRNW ULIB Ver.6.0+V

เปลี่ยนเป็นภาษาไทย

Change to English
 แสดงรายละเอียดบรรณานุกรม
  กลับหน้าหลัก

Brief Record : Get Marc (ISO 2709) : E-mail record : QR code < ปิดหน้าต่าง
LEADER : 00000nas 2200000uu 4500
001    13399125916
003     ULIB
008    170927s2560||||th 000 0 tha d
022 0  ^a16860152
245 00 ^aวารสารวิทยาศาสรตร์สุขภาพวิทยาลัยพยาบาลบมราชชนนี สรรพสิทธิประสงค์/^bวิทยาลัยพยาบาลบรมราชชนนี สรรพสิทธิประสงค์
310    ^aรายสี่เดือน
850 ^a ULIB^bปีที่ 1 ฉบับที่ 2 ฉ.1 ;ปีที่ 1 ฉบับที่ 3 ฉ.1 ;ปีที่ 1 ฉบับที่ 1 ฉ.1
945    ^p0^l0^i904977
945    ^p0^l0^i905167
945    ^p0^l0^i904657
999    ^aประนอม เกษจรัล
รายการนี้ยังไม่มีแท็ก
คุณยังไม่ได้ล็อกอิน คุณสามารถมีกิจกรรมร่วมกับเว็บไซต์ได้ แต่ต้องล็อกอินก่อน ::
  ล็อกอิน

รายการสื่อสารสนเทศ (วารสาร)

ดูแบบ: กล่อง รายการ
ARRIVED
ปีที่ 1 ฉบับที่ 1 ฉ.1
สถานที่: ห้องสมุดวิทยาเขตสวรรค์ประชารักษ์ >วารสาร
ARRIVED
ปีที่ 1 ฉบับที่ 2 ฉ.1
สถานที่: ห้องสมุดวิทยาเขตสวรรค์ประชารักษ์ >วารสาร
ARRIVED
ปีที่ 1 ฉบับที่ 3 ฉ.1
สถานที่: ห้องสมุดวิทยาเขตสวรรค์ประชารักษ์ >วารสาร

BibComment


ยังไม่เคยถูกคอมเมนท์

คอมเมนท์ทรัพยากรรายการนี้
  คอมเมนท์: วารสารวิทยาศาสรต..


 Copyright 2026. Bcnsprnw @Library